Telematic embrace : visionary theories of art, technology, and consciousness
Αποθηκεύτηκε σε:
| Κύριος συγγραφέας: | |
|---|---|
| Άλλοι συγγραφείς: | |
| Μορφή: | Βιβλίο |
| Γλώσσα: | English |
| Δημοσίευση: |
Berkeley :
University of California Press,
2003
|
| Θέματα: | |
| Ετικέτες: |
Προσθήκη ετικέτας
Δεν υπάρχουν, Καταχωρήστε ετικέτα πρώτοι!
|
MARC
| LEADER | 00000nam a2200000 i 4500 | ||
|---|---|---|---|
| 001 | 1/72763 | ||
| 008 | 050307s2003 eng d | ||
| 020 | |a 0-520-21803-5 | ||
| 035 | |l 10076911 | ||
| 040 | |a GR-MY-UA |b gre |e aacr | ||
| 041 | 0 | |a eng | |
| 082 | 0 | |a 700.285 |2 (21) | |
| 100 | 1 | |a Ascott, Roy. | |
| 245 | 1 | 0 | |a Telematic embrace : |b visionary theories of art, technology, and consciousness / |c Roy Ascott ; edited and with an essay by Edward A. Shanken |
| 260 | |a Berkeley : |b University of California Press, |c 2003 | ||
| 300 | |a xii, 427 σ.; |b εικ.; |c 23 εκ. | ||
| 504 | |a Περιέχει βιβλιογραφικές παραπομπές και ευρετήριο | ||
| 650 | 0 | 0 | |a Computer art. |
| 650 | 0 | 0 | |a Art and technology. |
| 650 | 0 | 0 | |a Art |x Forecasting. |
| 700 | 1 | |a Shanken, Edward A. |d 1964- |4 edt | |
| 852 | |a INST |b LESVOS |e 20050307 |h 700.285 ASC |p 005100030702 |q 005100030702 |t BK |y 0 | ||
| 901 | |a BIBL1-2005-1 | ||
| 909 | |a Λ |b 114949 | ||
| 920 | |a ΔΙΕΥΡΥΝΣΗ |b ΕΠΕΑΕΚ/ΠΤΕ |y ΛΕΣΒΟΣ |z 2004-10 | ||
| 970 | |a ΜΑΡΙΝΑΤΟΥ |b ΜΥΡΣΙΝΗ |z 2005/03/07 | ||